| 000 | 02148nam a2200241Ia 4500 | ||
|---|---|---|---|
| 003 | Ost | ||
| 005 | 20260416102402.0 | ||
| 008 | 260416s9999||||xx |||||||||||||| ||und|| | ||
| 040 | _cfsecg | ||
| 041 | _aara | ||
| 082 | _a332.642 | ||
| 100 |
_aعيساني، منصور _eمؤلف |
||
| 245 | 0 |
_aالأسواق المالية / _c منصور عيساني |
|
| 260 |
_aالجزائر _bجامعة الجزائر3: كلية العلوم الإقتصادية، العلوم التجارية وعلوم التسيير _c2026 |
||
| 300 |
_a110 ورقة _bايضاحات _c12 سم |
||
| 504 | _aببليوغرافيا: ص.ص 106-110 | ||
| 520 | _aيتناول هذا المحتوى مدخلًا شاملاً إلى التمويل المالي من خلال تعريفه وبيان أشكاله المختلفة، ثم ينتقل إلى عرض أساسيات الأسواق المالية مع التركيز على سوق الأوراق المالية من حيث خصائصها ووظائفها وموقعها ضمن الأسواق الأخرى. كما يوضح تنظيم هذه السوق عبر أركانها وهياكلها الإدارية وأنظمة تشغيلها. ويستعرض كذلك الأدوات المالية المتداولة فيها، سواء أدوات الملكية أو المديونية أو المشتقات، إضافة إلى آليات تنفيذ الأوامر والتسعير. ويتطرق إلى مؤشرات الأسواق المالية وأهميتها واستخداماتها، ثم يشرح عمليات البورصة مثل الإدراج. وأخيرًا، يناقش كفاءة سوق الأوراق المالية وصيغها المختلفة، مع تسليط الضوء على أساليب التحليل الأساسي والفني ومخاطر الاستثمار المرتبطة بها. | ||
| 653 | _aالأسواق المالية | ||
| 653 | _aالأوراق المالية | ||
| 653 | _aالبورصات | ||
| 710 |
_aجامعة الجزائر3: كلية العلوم الإقتصادية، العلوم التجارية وعلوم التسيير _eناشر علمي |
||
| 942 | _cHANDOUT | ||
| 999 |
_c41479 _d41479 |
||